000 00391nam a22001697a 4500
005 20180220130819.0
008 160623b xxu||||| |||| 00| 0 eng d
020 _a978-81-203-2452-7
041 _aeng
082 _b9318
_a001.42
100 _aPanneer selvam,R
_94146
245 _aResearch Methodology
260 _bPHI
_c2007
300 _a598
650 _aManagement
_9241
942 _cBK
999 _c3654
_d3653